Классификация OLAP по способу организации хранилища данных. Достоинства и недостатки; Молодежь и современные информационные технологии

Dettagli Bibliografici
Parent link:Молодежь и современные информационные технологии.— 2013.— [С. 146-147]
Autore principale: Файзрахманов Е. Г.
Riassunto:Заглавие с титульного экрана
Lingua:russo
Pubblicazione: 2013
Serie:Математическое моделирование и компьютерный анализ данных
Soggetti:
Accesso online:http://earchive.tpu.ru/handle/11683/70404
http://www.lib.tpu.ru/fulltext/c/2013/C04/063.pdf
Natura: Elettronico Capitolo di libro
KOHA link:https://koha.lib.tpu.ru/cgi-bin/koha/opac-detail.pl?biblionumber=603707

MARC

LEADER 00000naa2a2200000 4500
001 603707
005 20260204114722.0
035 |a (RuTPU)RU\TPU\conf\904 
035 |a RU\TPU\conf\903 
090 |a 603707 
100 |a 20140201d2013 k y0rusy50 ca 
101 0 |a rus 
102 |a RU 
135 |a drnn ---uucaa 
181 0 |a i  
182 0 |a b 
200 1 |a Классификация OLAP по способу организации хранилища данных. Достоинства и недостатки  |f Е. Г. Файзрахманов 
203 |a Текст  |c электронный 
225 1 |a Математическое моделирование и компьютерный анализ данных 
300 |a Заглавие с титульного экрана 
320 |a [Библиогр.: с. 147 (5 назв.)] 
337 |a Adobe Reader 
463 1 |0 (RuTPU)RU\TPU\conf\515  |t Молодежь и современные информационные технологии  |o сборник трудов XI Международной научно-практической конференции студентов, аспирантов и молодых ученых, г. Томск, 13-16 ноября 2013 г.  |f Национальный исследовательский Томский политехнический университет (ТПУ) ; под ред. Е. А. Сикоры и др.  |v [С. 146-147]  |d 2013 
610 1 |a труды учёных ТПУ 
610 1 |a электронный ресурс 
610 1 |a OLAP 
610 1 |a хранилища данных 
610 1 |a базы данных 
610 1 |a корпоративная информация 
700 1 |a Файзрахманов  |b Е. Г. 
801 2 |a RU  |b 63413507  |c 20220328  |g RCR 
856 4 |u http://earchive.tpu.ru/handle/11683/70404 
856 4 |u http://www.lib.tpu.ru/fulltext/c/2013/C04/063.pdf 
942 |c CF